<?xml version="1.0" encoding="UTF-8"?>
<collection xmlns="http://www.loc.gov/MARC21/slim">
 <record>
  <leader>02602nam a2200313 a 4500</leader>
  <controlfield tag="001">17747</controlfield>
  <controlfield tag="003">BD-DhAAL</controlfield>
  <controlfield tag="008">090527r20082003nyua     b    000 0 eng d</controlfield>
  <datafield tag="010" ind1=" " ind2=" ">
   <subfield code="a">   63011437 </subfield>
  </datafield>
  <datafield tag="020" ind1=" " ind2=" ">
   <subfield code="a">9788126518494</subfield>
  </datafield>
  <datafield tag="040" ind1=" " ind2=" ">
   <subfield code="a">DLC/ICU</subfield>
   <subfield code="c">ICU</subfield>
   <subfield code="d">DLC</subfield>
   <subfield code="d">BD-DhAAL</subfield>
  </datafield>
  <datafield tag="082" ind1="0" ind2="0">
   <subfield code="a">530.13</subfield>
   <subfield code="2">22</subfield>
  </datafield>
  <datafield tag="100" ind1="1" ind2=" ">
   <subfield code="a">Huang, Kerson,</subfield>
   <subfield code="d">1928-</subfield>
   <subfield code="9">57710</subfield>
  </datafield>
  <datafield tag="245" ind1="1" ind2="0">
   <subfield code="a">Statistical mechanics /</subfield>
   <subfield code="c">Kerson Huang.</subfield>
  </datafield>
  <datafield tag="250" ind1=" " ind2=" ">
   <subfield code="a">2nd ed.</subfield>
  </datafield>
  <datafield tag="260" ind1=" " ind2=" ">
   <subfield code="a">New York ;</subfield>
   <subfield code="a">India :</subfield>
   <subfield code="b">Wiley, </subfield>
   <subfield code="c">c2003 [reprinted 2008]</subfield>
  </datafield>
  <datafield tag="300" ind1=" " ind2=" ">
   <subfield code="a">xiv, 493 p. :</subfield>
   <subfield code="b">illus. ;</subfield>
   <subfield code="c">25 cm.</subfield>
  </datafield>
  <datafield tag="504" ind1=" " ind2=" ">
   <subfield code="a">Includes bibliographical references and index.</subfield>
  </datafield>
  <datafield tag="526" ind1=" " ind2=" ">
   <subfield code="a">MNS</subfield>
   <subfield code="x">Mahabobe Shobahani
Faculty Member of BRAC University
Course Name : Thermal Physics, Radiation &amp; Statisticsl Mechanics (APE 102)</subfield>
  </datafield>
  <datafield tag="541" ind1="1" ind2=" ">
   <subfield code="e">17747, 17748, 17749, 17750, 17751</subfield>
   <subfield code="a">Paragon Enterprises LTD</subfield>
  </datafield>
  <datafield tag="650" ind1=" " ind2="0">
   <subfield code="a">Statistical mechanics.</subfield>
  </datafield>
  <datafield tag="852" ind1="4" ind2=" ">
   <subfield code="a">Ayesha Abed Library </subfield>
   <subfield code="c">General Stacks</subfield>
  </datafield>
  <datafield tag="942" ind1=" " ind2=" ">
   <subfield code="2">ddc</subfield>
   <subfield code="c">BK</subfield>
  </datafield>
  <datafield tag="999" ind1=" " ind2=" ">
   <subfield code="c">1069</subfield>
   <subfield code="d">1069</subfield>
  </datafield>
  <datafield tag="952" ind1=" " ind2=" ">
   <subfield code="0">0</subfield>
   <subfield code="1">0</subfield>
   <subfield code="2">ddc</subfield>
   <subfield code="4">0</subfield>
   <subfield code="6">530_130000000000000_HUA_2008</subfield>
   <subfield code="7">0</subfield>
   <subfield code="8">NFIC</subfield>
   <subfield code="9">967</subfield>
   <subfield code="a">BRACUL</subfield>
   <subfield code="b">BRACUL</subfield>
   <subfield code="c">GEN</subfield>
   <subfield code="d">2009-06-24</subfield>
   <subfield code="e">Paragon Enterprises LTD</subfield>
   <subfield code="g">458.00</subfield>
   <subfield code="l">3</subfield>
   <subfield code="m">25</subfield>
   <subfield code="o">530.13 HUA</subfield>
   <subfield code="p">3010017750</subfield>
   <subfield code="r">2019-04-18</subfield>
   <subfield code="s">2019-01-21</subfield>
   <subfield code="t">4</subfield>
   <subfield code="w">2009-06-24</subfield>
   <subfield code="y">BK</subfield>
   <subfield code="x">Requisitioned by Mahabobe Shobahani for the course named- &quot;Thermal Physics, Radiation &amp; Statisticsl Mechanics (APE 102)&quot;.</subfield>
  </datafield>
  <datafield tag="952" ind1=" " ind2=" ">
   <subfield code="0">0</subfield>
   <subfield code="1">0</subfield>
   <subfield code="2">ddc</subfield>
   <subfield code="4">0</subfield>
   <subfield code="6">530_130000000000000_HUA_2008</subfield>
   <subfield code="7">0</subfield>
   <subfield code="8">NFIC</subfield>
   <subfield code="9">9936</subfield>
   <subfield code="a">BRACUL</subfield>
   <subfield code="b">BRACUL</subfield>
   <subfield code="c">GEN</subfield>
   <subfield code="d">2010-05-09</subfield>
   <subfield code="e">Paragon Enterprises LTD</subfield>
   <subfield code="g">458.00</subfield>
   <subfield code="l">2</subfield>
   <subfield code="m">12</subfield>
   <subfield code="o">530.13 HUA</subfield>
   <subfield code="p">3010017747</subfield>
   <subfield code="r">2015-05-05</subfield>
   <subfield code="s">2015-02-06</subfield>
   <subfield code="t">1</subfield>
   <subfield code="w">2010-05-09</subfield>
   <subfield code="y">BK</subfield>
   <subfield code="x">Requisitioned by Mahabobe Shobahani for the course named- &quot;Thermal Physics, Radiation &amp; Statisticsl Mechanics (APE 102)&quot;.</subfield>
  </datafield>
  <datafield tag="952" ind1=" " ind2=" ">
   <subfield code="0">0</subfield>
   <subfield code="1">0</subfield>
   <subfield code="2">ddc</subfield>
   <subfield code="4">0</subfield>
   <subfield code="6">530_130000000000000_HUA_2008</subfield>
   <subfield code="7">0</subfield>
   <subfield code="8">NFIC</subfield>
   <subfield code="9">9937</subfield>
   <subfield code="a">BRACUL</subfield>
   <subfield code="b">BRACUL</subfield>
   <subfield code="c">GEN</subfield>
   <subfield code="d">2010-05-09</subfield>
   <subfield code="e">Paragon Enterprises LTD</subfield>
   <subfield code="g">458.00</subfield>
   <subfield code="l">5</subfield>
   <subfield code="m">31</subfield>
   <subfield code="o">530.13 HUA</subfield>
   <subfield code="p">3010017748</subfield>
   <subfield code="r">2019-05-28</subfield>
   <subfield code="s">2018-12-09</subfield>
   <subfield code="t">2</subfield>
   <subfield code="w">2010-05-09</subfield>
   <subfield code="y">BK</subfield>
   <subfield code="x">Requisitioned by Mahabobe Shobahani for the course named- &quot;Thermal Physics, Radiation &amp; Statisticsl Mechanics (APE 102)&quot;.</subfield>
  </datafield>
  <datafield tag="952" ind1=" " ind2=" ">
   <subfield code="0">0</subfield>
   <subfield code="1">0</subfield>
   <subfield code="2">ddc</subfield>
   <subfield code="4">0</subfield>
   <subfield code="6">530_130000000000000_HUA_2008</subfield>
   <subfield code="7">0</subfield>
   <subfield code="8">NFIC</subfield>
   <subfield code="9">9938</subfield>
   <subfield code="a">BRACUL</subfield>
   <subfield code="b">BRACUL</subfield>
   <subfield code="c">GEN</subfield>
   <subfield code="d">2010-05-09</subfield>
   <subfield code="e">Paragon Enterprises LTD</subfield>
   <subfield code="g">458.00</subfield>
   <subfield code="l">5</subfield>
   <subfield code="m">22</subfield>
   <subfield code="o">530.13 HUA</subfield>
   <subfield code="p">3010017749</subfield>
   <subfield code="r">2025-01-18</subfield>
   <subfield code="s">2024-10-22</subfield>
   <subfield code="t">3</subfield>
   <subfield code="w">2010-05-09</subfield>
   <subfield code="y">BK</subfield>
   <subfield code="x">Requisitioned by Mahabobe Shobahani for the course named- &quot;Thermal Physics, Radiation &amp; Statisticsl Mechanics (APE 102)&quot;.</subfield>
  </datafield>
  <datafield tag="952" ind1=" " ind2=" ">
   <subfield code="0">0</subfield>
   <subfield code="1">0</subfield>
   <subfield code="2">ddc</subfield>
   <subfield code="4">0</subfield>
   <subfield code="6">530_130000000000000_HUA_2008</subfield>
   <subfield code="7">0</subfield>
   <subfield code="8">NFIC</subfield>
   <subfield code="9">9939</subfield>
   <subfield code="a">BRACUL</subfield>
   <subfield code="b">BRACUL</subfield>
   <subfield code="c">GEN</subfield>
   <subfield code="d">2010-05-09</subfield>
   <subfield code="e">Paragon Enterprises LTD</subfield>
   <subfield code="g">458.00</subfield>
   <subfield code="l">2</subfield>
   <subfield code="m">3</subfield>
   <subfield code="o">530.13 HUA</subfield>
   <subfield code="p">3010017751</subfield>
   <subfield code="r">2016-08-11</subfield>
   <subfield code="s">2016-07-27</subfield>
   <subfield code="t">5</subfield>
   <subfield code="w">2010-05-09</subfield>
   <subfield code="y">BK</subfield>
   <subfield code="x">Requisitioned by Mahabobe Shobahani for the course named- &quot;Thermal Physics, Radiation &amp; Statisticsl Mechanics (APE 102)&quot;.</subfield>
  </datafield>
 </record>
</collection>
